Thermal physics & statistical mechanics / (Record no. 39596)

MARC details
000 -LEADER
fixed length control field 00701nam a22001937a 4500
005 - DATE AND TIME OF LATEST TRANSACTION
control field 20100805164651.0
010 ## - LCCN (DPL NO)
LC control number ENG-98478
020 ## - INTERNATIONAL STANDARD BOOK NUMBER
International Standard Book Number 9789380173122
Terms of availability 75.00
035 ## - SYSTEM CONTROL NUMBER
System control number EN-82011
037 ## - SOURCE OF ACQUISITION
Source of stock number/acquisition DBAD/PUB
082 ## - DEWEY DECIMAL CLASSIFICATION NUMBER
Classification number 536.7
100 ## - MAIN ENTRY--PERSONAL NAME
Personal name Tamilmani, M.
245 ## - TITLE STATEMENT
Title Thermal physics & statistical mechanics /
Statement of responsibility, etc by M. Tamilmani
260 ## - PUBLICATION, DISTRIBUTION, ETC. (IMPRINT)
Place of publication, distribution, etc Tamil Nadu
Name of publisher, distributor, etc Aruma Pathippagam
Date of publication, distribution, etc 2009
270 ## - ADDRESS
Address 35, Gandhi colony, Koradachery-613703,
City Thiruvarur District,
300 ## - PHYSICAL DESCRIPTION
Extent 170p.:
Other physical details ill.
Dimensions 21cm (pbk)
942 ## - ADDED ENTRY ELEMENTS (KOHA)
Source of classification or shelving scheme Dewey Decimal Classification
Item type English Books
Classification part 536.7
Call number suffix TAM
Holdings
Withdrawn status Lost status Not for loan Collection code Home library Current library Date acquired Source of acquisition Cost, normal purchase price Full call number Barcode Copy number Cost, replacement price Koha item type
    Not For Loan Non-fiction D.B.Act.Division D.B.Act.Division 05/08/2010 DBAD/PUB 75.00 536.7 TAM EN-82011 1 75.00 English Books

© Delhi Public Library
Hit Counter
free hit counter